| 000 | 00648nam a2200229 a 4500 | ||
|---|---|---|---|
| 008 | |||
| 020 | _a0880115416 | ||
| 049 | _aMAIN | ||
| 090 | 0 | 0 | _aGV1004 |
| 100 | 1 | _aYarrow, Philip. | |
| 245 | 1 | 0 |
_aSquash : _bsteps to success / _cPhilip Yarrow. |
| 260 |
_aChampaign, IL : _aHuman Kinetics, _cc1997. |
||
| 300 |
_aviii, 149 p. : _bill. ; _c28 cm. |
||
| 490 | 1 | _aSteps to success. | |
| 650 | 0 | _aSquash rackets (Game) | |
| 830 | 0 | _aSteps to success activity series. | |
| 907 |
_a.b1007806x _b20-06-03 _c19-06-03 |
||
| 003 | |||
| 005 | 20230123133301.0 | ||
| 040 | _cNUST | ||
| 942 |
_cBOOKS _kGV1004 |
||
| 999 |
_c145927 _d145927 |
||